La autonomía universitaria, la vigencia del III Congreso Universitario y una obligada referencia a Rodrigo Facio /
El presente artículo pretende dar una comprensión integral del proceso de transformación universitaria generado por el III Congreso Universitario de la Universidad de Costa Rica, celebrado entre 1973 y 1974, y su actual vigencia. Para ello, se desarrolla una contextualización y reconstrucción histór...
Enregistré dans:
| Auteur principal: | |
|---|---|
| Format: | Texte |
| Sujets: | |
| Tags: |
Ajouter un tag
Pas de tags, Soyez le premier à ajouter un tag!
|
MARC
| LEADER | 00000 a a2200000 04500 | ||
|---|---|---|---|
| 001 | 45689 | ||
| 003 | |||
| 040 | |a CRAI/IIS |c CRAI/IIS | ||
| 100 | |a Camacho Monge, Daniel | ||
| 245 | |a La autonomía universitaria, la vigencia del III Congreso Universitario y una obligada referencia a Rodrigo Facio / |c Daniel Camacho Monge | ||
| 520 | |a El presente artículo pretende dar una comprensión integral del proceso de transformación universitaria generado por el III Congreso Universitario de la Universidad de Costa Rica, celebrado entre 1973 y 1974, y su actual vigencia. Para ello, se desarrolla una contextualización y reconstrucción histórico-social de este Congreso para continuar con el análisis de algunos de sus resultados fundamentales para la autonomía, y concluir con algunas referencias a la vigencia de sus aportes. | ||
| 590 | |a AMB/JULIO2014 | ||
| 650 | |a UNIVERSIDAD | ||
| 650 | |a UNIVERSIDAD DE COSTA RICA (TESAURO CUUICS) | ||
| 650 | |a EDUCACION PUBLICA | ||
| 650 | |a AUTONOMIA | ||
| 650 | |a COSTA RICA | ||
| 773 | |g número138 (2012), páginas 1-20 | ||
| 999 | |c 18379 |d 18379 | ||
| 773 | 0 | |0 18728 |9 3009 |a Universidad de Costa Rica |d San José, Costa Rica Editorial UCR 1956- |o 15402 |t Revista de Ciencias Sociales/ |x 04825276 | |
